Assessment of integrated coastal management in Africa
Αποθηκεύτηκε σε:
| Συλλογικό Έργο: | , , |
|---|---|
| Μορφή: | Βιβλίο |
| Γλώσσα: | English |
| Δημοσίευση: |
Croatia :
Priority Actions Programme,
c1998
|
| Θέματα: | |
| Ετικέτες: |
Προσθήκη ετικέτας
Δεν υπάρχουν, Καταχωρήστε ετικέτα πρώτοι!
|
MARC
| LEADER | 00000cam a2200000 i 4500 | ||
|---|---|---|---|
| 001 | 1/80404 | ||
| 008 | 990507s1998 eng d | ||
| 020 | |a 953-6429-13-6 | ||
| 035 | |l 10050624 | ||
| 040 | |a GR-MY-UA |b gre |e aacr | ||
| 041 | 0 | |a eng | |
| 082 | 0 | |a 333.917096 | |
| 110 | 2 | |a Government of Finland. | |
| 245 | 1 | 0 | |a Assessment of integrated coastal management in Africa / |c Government of Finland, United Nations Environment Programme, Priority Actions Programme |
| 260 | |a Croatia : |b Priority Actions Programme, |c c1998 | ||
| 300 | |a viii, 59 p. |b tables | ||
| 504 | |a Includes bibliographical references | ||
| 650 | 0 | 0 | |a Environmental policy |z Africa. |
| 650 | 0 | 0 | |a Coastal zone management |z Africa. |
| 650 | 0 | 0 | |a Coastal zone management |x Cost effectiveness |z Africa. |
| 710 | 2 | |a United Nations Environment Programme. | |
| 710 | 2 | |a Priority Actions Programme. | |
| 852 | |a INST |b LESVOS |e 19990507 |h 333.917096 GOV |p 005100016556 |q 005100016556 |t BK |y 0 | ||
| 901 | |a BIBL-1998-3 | ||
| 909 | |a Λ |b 065378 | ||
| 970 | |z 2000/06/ΟΙΚΟΝΟΜΟΠΟΥΛΟΥ ΧΡΙΣΤΙΝΑ | ||